000 00546cam a22002051 4500
001 he 68002099
003 DLC
005 20260227111500.0
008 841212s1967 is 000 0 heb
010 _ahe 68002099
035 _a(OCoLC)19195456
040 _aDLC
_cMH
_dCU
_dDLC
042 _apremarc
050 0 0 _aPJ5053.K45
_bM3
100 1 _aKeshet, Yeshurun,
_d1893-
245 1 0 _aMaḥarozot :
_bpirḳe hagut /
_cYeshurun Ḳesheṭ
260 _aTel Aviv :
_bYavneh,
_c[1967]
300 _a274 p. ;
_c23 cm.
752 _aIsrael
_dTel Aviv
999 _c33503
_d33503